000 00245nam a22000977a 4500
020 _a9789945087468
100 _aGómez Cerda, José
_98583
245 0 3 _aEl arte de escribir
264 _aSanto Domingo :
_bSantuario,
_c2020.
300 _a346 páginas :
999 _c58500
_d58500